000 01005cab a2200301 4500
001 ABS56106
008 090401t1996 xxu||||| |||| 00| 0 eng d
035 _a(Sirsi) u21247
041 _aeng
100 _aSyms, P.M.
245 4 _aThe valuation of contaminated land: the problems caused by lack of accessible data in the United Kingdom
260 _c1996
350 _a0
490 _aJournal of Property Development
_v1(1) June 1996, 17-25(9)
520 _aOutlines the situation in the UK, the legal framework in respect of contaminated land and how this affects the professional valuer.
650 _aPROPERTY-COMMERCIAL PROPERTY
650 _aCONTAMINATED LAND TRANSACTION PRICES
650 _aCONTAMINATED LAND
650 _aCOUNCIL TAX BANDS
650 _aRESEARCH
650 _aRESIDENTIAL PROPERTY
_96266
650 _aTRANSACTION DATA
650 _aVALUATION ISSUES
690 _aEnvironment
_96238
690 _aRATING AND VALUATION
942 _n0
948 _c04/03/1997
999 _c14264
_d14264